[Event "AUTO-OPEN-2594"]
[Site "http://www.queenalice.com/game.php?id=1024756"]
[Date "2012.2.2"]
[Round "1"]
[White "cheleazul"]
[Black "rxk"]
[Result "1-0"]
[WhiteElo "2084"]
[BlackElo "1772"]

1. d4 d5 2. Nf3 Nf6 3. Bf4 Nbd7 4. e3 e6 5. Nbd2 c5 6. c3 Be7 7. Bd3 O-O 8. O-O
b6 9. Ne5 Bb7 10. Qf3 Rc8 11. Rad1 cxd4 12. exd4 Nxe5 13. dxe5 Nd7 14. Qh3 f5
15. exf6 Nxf6 16. Rfe1 a6 17. Nf3 Ne4 18. Bxe4 Rxf4 19. Qxh7+ Kf8 20. Qh8+ Kf7
21. Qh5+ Kg8 22. Bh7+ Kf8 23. Bg6 1-0

[Event "AUTO-OPEN-2594"]
[Site "http://www.queenalice.com/game.php?id=1024757"]
[Date "2012.2.2"]
[Round "1"]
[White "rxk"]
[Black "cheleazul"]
[Result "0-1"]
[WhiteElo "1784"]
[BlackElo "2145"]

1. d4 Nf6 2. c4 e6 3. Nf3 Bb4+ 4. Nc3 d5 5. Bg5 h6 6. Bh4 c5 7. e3 O-O 8. Bd3
dxc4 9. Bxc4 cxd4 10. Nxd4 Nbd7 11. O-O Bxc3 12. bxc3 Nc5 13. Qc2 Bd7 14. Rad1
Rc8 15. Ne2 Re8 16. a3 Qc7 17. Ba2 Ba4 18. Qb2 Bxd1 19. Rxd1 Na4 20. Qb3 Nxc3
21. Nxc3 Qxc3 22. Qxb7 Qxa3 23. Bb1 Rc1 24. Rf1 Rxf1+ 25. Kxf1 Qc1+ 26. Ke2 Qc4+
0-1

[Event "AUTO-OPEN-2594"]
[Site "http://www.queenalice.com/game.php?id=1024774"]
[Date "2012.2.2"]
[Round "1"]
[White "leandrodaquimica"]
[Black "rxk"]
[Result "1-0"]
[WhiteElo "1593"]
[BlackElo "1781"]

1. Nc3 d5 2. d4 Nf6 3. Bg5 e6 4. Bxf6 Qxf6 5. Nf3 Nd7 6. e4 Bb4 7. Qd3 dxe4 8.
Qxe4 O-O 9. a3 Ba5 10. b4 Bb6 11. Bb5 c6 12. Bd3 g6 13. O-O Bc7 14. Bc4 Qg7 15.
Rae1 Nb6 16. Bd3 Nd5 17. Nxd5 cxd5 18. Qh4 Bd7 19. Ne5 Bxe5 20. dxe5 a6 21. c4
dxc4 22. Bxc4 Rac8 23. Rd1 Rfd8 24. Qe4 b5 25. Bb3 h5 26. g4 hxg4 27. f3 Kh7 28.
Qxg4 Qxe5 29. f4 Qe3+ 30. Kh1 Bc6+ 31. Bd5 Bxd5+ 32. Rxd5 Rxd5 33. Rf3 Qe2 34.
Rh3+ Rh5 35. Rxh5+ gxh5 36. Qxe2 1-0

[Event "4. SwissR4-J2"]
[Site "http://www.queenalice.com/game.php?id=1025042"]
[Date "2012.2.2"]
[Round "-"]
[White "kalabric"]
[Black "rxk"]
[Result "1-0"]
[WhiteElo "1821"]
[BlackElo "1788"]

1. e4 c5 2. Nc3 Nc6 3. Nf3 d6 4. Bc4 e6 5. d4 cxd4 6. Nxd4 Be7 7. Bb5 Bd7 8.
Bxc6 bxc6 9. O-O Nf6 10. Bg5 O-O 11. Qf3 Rc8 12. Qg3 Nh5 13. Bxe7 Qxe7 14. Qf3
a6 15. Qxh5 Qf6 16. Rad1 c5 17. Nf3 Qe7 18. g4 Bc6 19. Rfe1 Rfd8 20. Ng5 h6 21.
Nf3 d5 22. Ne5 Bb7 23. exd5 Bxd5 24. Nxd5 Rxd5 25. Rxd5 exd5 26. Nd3 Qd6 27. Qe5
Qg6 28. h3 Kf8 29. Qxd5 c4 30. Nb4 1-0

[Event "VIII-E-1-2-R8-J1 "]
[Site "http://www.queenalice.com/game.php?id=1026644"]
[Date "2012.2.5"]
[Round "-"]
[White "rxk"]
[Black "Newcobos"]
[Result "0-1"]
[WhiteElo "1779"]
[BlackElo "2061"]

1. Nf3 c5 2. e4 Nc6 3. Bc4 e6 4. O-O d5 5. exd5 exd5 6. Bb5 Bd6 7. c3 Ne7 8. d4
cxd4 9. Nxd4 O-O 10. Ba4 Nxd4 11. Qxd4 Nc6 12. Qd1 Bf5 13. Nd2 Ne5 14. Nf3 Bg4
15. h3 Nxf3+ 16. gxf3 Bxh3 17. Re1 Qf6 18. Kh1 Qh4 0-1

[Event "kalabric"]
[Site "http://www.queenalice.com/game.php?id=1030108"]
[Date "2012.2.16"]
[Round "1"]
[White "rxk"]
[Black "Newcobos"]
[Result "0-1"]
[WhiteElo "1750"]
[BlackElo "2093"]

1. d4 d5 2. c4 c6 3. Nc3 Nf6 4. Nf3 e6 5. e3 Bd6 6. Bd3 dxc4 7. Bxc4 Nbd7 8. O-O
O-O 9. e4 Bb4 10. e5 Nd5 11. a3 Nxc3 12. bxc3 Bxc3 13. Rb1 Ba5 14. Qd3 Nb6 15.
Bb3 f5 16. exf6 Qxf6 17. Bc2 Qf5 18. Qe2 Qh5 19. Bb3 Nd5 20. Qd3 Bc7 21. Ne5
Bxe5 22. dxe5 Qxe5 23. Bc2 Qh5 24. Rb3 e5 25. Bb2 Bf5 26. Qc4 Rf7 27. Bd1 Qh6
28. Bc1 Qe6 29. Qh4 b6 30. Bb2 Qf6 31. Qg3 Re8 32. Re1 Qg6 33. Rxe5 Rxe5 34.
Qxe5 Re7 35. Qb8+ Re8 0-1

[Event "Challenge"]
[Site "http://www.queenalice.com/game.php?id=1034459"]
[Date "2012.2.29"]
[Round "-"]
[White "filomenos"]
[Black "rxk"]
[Result "1-0"]
[WhiteElo "1837"]
[BlackElo "1803"]

1. d4 d5 2. g3 Nf6 3. Bg2 e6 4. Nf3 Nbd7 5. Bg5 c5 6. c3 cxd4 7. Nxd4 Be7 8. O-O
O-O 9. Nd2 b6 10. e4 dxe4 11. Nxe4 Rb8 12. Nc6 Qc7 13. Nxe7+ 1-0

[Event "Challenge"]
[Site "http://www.queenalice.com/game.php?id=1034471"]
[Date "2012.2.29"]
[Round "-"]
[White "rxk"]
[Black "filomenos"]
[Result "0-1"]
[WhiteElo "1773"]
[BlackElo "1845"]

1. d4 d5 2. c4 g6 3. Nf3 Bg7 4. Nc3 c6 5. e3 Nf6 6. Bd3 Bg4 7. O-O O-O 8. h3
Bxf3 9. Qxf3 dxc4 10. Bxc4 Nbd7 11. e4 Nb6 12. Bb3 Qxd4 13. Be3 Qd8 14. Rad1 Qc7
15. Bf4 Qc8 16. Rfe1 Nbd7 17. e5 Ne8 18. e6 fxe6 19. Bxe6+ Kh8 20. Bxd7 Qd8 21.
Bxc6 Qb6 22. Bxb7 Rd8 23. Rxd8 Qxd8 24. Qe4 Rf7 25. Bg3 Nd6 0-1

[Event "VIII-E-2-B-R5-J2"]
[Site "http://www.queenalice.com/game.php?id=1034912"]
[Date "2012.3.1"]
[Round "-"]
[White "ebelote"]
[Black "rxk"]
[Result "0-1"]
[WhiteElo "1608"]
[BlackElo "1781"]

1. e4 c5 2. Nf3 Nc6 3. Bc4 d6 4. a3 e6 5. Nc3 Nf6 6. d3 Be7 7. h3 O-O 8. O-O a6
9. Re1 b5 10. Ba2 Bb7 11. Bg5 h6 12. Bxf6 Bxf6 13. Qd2 Qc7 14. b4 cxb4 15. axb4
Nxb4 16. d4 Rac8 17. Re3 Nxa2 18. Nxa2 Qxc2 19. Qxc2 Rxc2 20. e5 dxe5 21. dxe5
Be7 22. Nc3 Rc8 23. Na2 a5 24. Ne1 R2c7 25. g3 b4 26. Nd3 Ba6 27. Nf4 Bg5 28. h4
Bxf4 29. gxf4 b3 30. Rxb3 Bc4 31. Rbb1 a4 32. Nb4 Bb3 33. Nd3 Bc2 34. Rb4 Bxd3
35. Rbxa4 Rc1+ 36. Rxc1 Rxc1+ 37. Kg2 h5 38. Rd4 Bf5 39. Kf3 Rc3+ 40. Kg2 Rh3
41. f3 Rxh4 0-1

[Event "VIII-E-1-2-R10-J2"]
[Site "http://www.queenalice.com/game.php?id=1034914"]
[Date "2012.3.1"]
[Round "-"]
[White "rxk"]
[Black "black13"]
[Result "0-1"]
[WhiteElo "1774"]
[BlackElo "1872"]

1. Nf3 d5 2. d4 Nc6 3. c4 e6 4. Nc3 Bb4 5. e3 Nf6 6. Bd3 dxc4 7. Bxc4 Ne4 8. Qc2
Nxc3 9. bxc3 Bd6 10. O-O O-O 11. e4 e5 12. d5 Ne7 13. Bb3 Bg4 14. Ne1 Bc5 15.
Kh1 Ng6 16. h3 Bd7 17. Bb2 Qh4 18. Nf3 Qh5 19. Nh2 Nf4 20. Qd1 Qg6 21. Qf3 f5
22. d6+ Kh8 23. dxc7 Bc6 24. Bd5 fxe4 0-1

[Event "VIII-E-2-B-R2-J1"]
[Site "http://www.queenalice.com/game.php?id=1038255"]
[Date "2012.3.12"]
[Round "-"]
[White "rxk"]
[Black "fflores"]
[Result "1-0"]
[WhiteElo "1782"]
[BlackElo "1014"]

1. d4 e6 2. c4 Bb4+ 3. Nc3 Bxc3+ 4. bxc3 Nf6 5. Nf3 O-O 6. Bg5 h6 7. Bh4 d6 8.
e4 e5 9. Bd3 Bg4 10. h3 Bxf3 11. Qxf3 Nbd7 12. O-O g5 13. Bg3 c5 14. h4 g4 15.
Qe3 Kg7 16. f4 exf4 17. Bxf4 Rh8 18. e5 dxe5 19. dxe5 Nh5 20. g3 Nxf4 21. Qxf4
f5 22. Qxf5 Nf6 23. exf6+ Kf7 24. Qh5+ Ke6 25. Rae1+ Kd6 26. Qe5+ Kc6 27. Be4+
Kb6 28. Rb1+ Ka6 29. Bxb7+ Ka5 30. Qxc5+ Ka4 31. Qb4# 1-0

[Event "TORNEIO-VIII-E-2-B-R2-J2"]
[Site "http://www.queenalice.com/game.php?id=1046862"]
[Date "2012.4.8"]
[Round "-"]
[White "rxk"]
[Black "Sheik3333"]
[Result "1-0"]
[WhiteElo "1762"]
[BlackElo "1830"]

1. d4 d5 2. c4 e6 3. Nf3 Nc6 4. Nc3 Nf6 5. e3 Bb4 6. Bd3 O-O 7. O-O Re8 8. a3
Bd6 9. Qc2 dxc4 10. Bxc4 b6 11. e4 h6 12. e5 Be7 13. exf6 Bxf6 14. Ba2 Nxd4 15.
Nxd4 Bxd4 16. Rd1 e5 17. Bxh6 gxh6 18. Qg6+ Kf8 19. Qxf7# 1-0

[Event "Challenge"]
[Site "http://www.queenalice.com/game.php?id=1050955"]
[Date "2012.4.20"]
[Round "-"]
[White "filomenos"]
[Black "rxk"]
[Result "1-0"]
[WhiteElo "1823"]
[BlackElo "1808"]

1. d4 d5 2. g3 Nf6 3. Bg2 c5 4. Nf3 Nc6 5. c3 e6 6. Bg5 Be7 7. O-O O-O 8. dxc5
Bxc5 9. Nbd2 h6 10. Bxf6 Qxf6 11. e4 Rd8 12. Nb3 Bb6 13. exd5 Rxd5 14. Qc2 g5
15. Nfd4 Nxd4 16. Nxd4 Rd8 17. Nf3 Bd7 18. Rad1 Bc6 19. Nd2 Bb5 20. c4 Bc6 21.
Bxc6 bxc6 22. Ne4 Qg6 23. Qe2 f5 24. Nc3 h5 25. Rd2 h4 26. b3 Ba5 27. Rxd8+ Rxd8
28. Nd1 1-0

[Event "Challenge"]
[Site "http://www.queenalice.com/game.php?id=1050976"]
[Date "2012.4.20"]
[Round "-"]
[White "rxk"]
[Black "filomenos"]
[Result "0-1"]
[WhiteElo "1793"]
[BlackElo "1838"]

1. d4 d5 2. c4 g6 3. Nf3 Bg7 4. e3 Nf6 5. Nc3 c6 6. Bd3 dxc4 7. Bxc4 Bg4 8. O-O
O-O 9. h3 Bxf3 10. Qxf3 Nbd7 11. e4 Nb6 12. Bb3 Qxd4 13. Rd1 Qc5 14. Be3 Qe5 15.
Bf4 Qh5 16. g4 Qc5 17. Rac1 Qa5 18. Qe3 Rfe8 19. e5 Nfd5 20. Bxd5 Nxd5 21. Nxd5
cxd5 22. a3 e6 23. h4 b6 24. h5 Rac8 25. hxg6 fxg6 26. Kg2 Rc5 27. Rb1 Qa4 28.
Rh1 Qe4+ 0-1

[Event "VIII-E-2-B-R3-J1"]
[Site "http://www.queenalice.com/game.php?id=1051737"]
[Date "2012.4.23"]
[Round "-"]
[White "fflores"]
[Black "rxk"]
[Result "1-0"]
[WhiteElo "1116"]
[BlackElo "1780"]

1. e4 c5 2. Nf3 Nc6 3. Bc4 e6 4. O-O d5 5. exd5 exd5 6. Bb5 Nf6 7. Bxc6+ bxc6 8.
d4 cxd4 9. Qxd4 Be7 10. Re1 O-O 11. Nc3 Bb7 12. Bg5 h6 13. Bh4 Qc7 14. Bg3 Bd6
15. Bxd6 Qxd6 16. Na4 Nd7 17. b4 Ba6 18. a3 Bb5 19. Nb2 c5 20. bxc5 Nxc5 21. Qe5
Qxe5 22. Nxe5 Ne4 23. c4 Rae8 24. cxb5 Rxe5 25. f3 f5 26. fxe4 fxe4 27. Re2 Rc8
28. Rae1 Kf7 29. Kf2 Ke6 30. a4 Rf8+ 31. Ke3 d4+ 32. Kxd4 Rd8+ 33. Kc4 Rc8+ 34.
Kb4 1-0

[Event "VIII-E-2-B-R7-J2"]
[Site "http://www.queenalice.com/game.php?id=1053025"]
[Date "2012.4.26"]
[Round "-"]
[White "Sheik3333"]
[Black "rxk"]
[Result "1-0"]
[WhiteElo "1767"]
[BlackElo "1748"]

1. e4 c5 2. Nf3 Nc6 3. d4 cxd4 4. Nxd4 e6 5. c3 d6 6. Bb5 Qc7 7. Qa4 Bd7 8. O-O
a6 9. Bxc6 bxc6 10. Qc4 Be7 11. Re1 Nf6 12. h3 O-O 13. Nd2 c5 14. N4f3 Bb5 15.
Qb3 Rab8 16. Qc2 h6 17. c4 Bc6 18. e5 dxe5 19. Nxe5 Ba8 20. Nb3 Bd6 21. Bf4 Qb7
22. f3 Nh5 23. Bh2 Rfe8 24. Qd3 Rbd8 25. Qe2 f6 26. Nd3 Bxh2+ 27. Kxh2 Qc7+ 28.
Kg1 Ng3 29. Qf2 Rxd3 30. Nxc5 Rdd8 31. Nxe6 Qb8 32. Nxd8 Rxd8 33. b3 h5 34. f4
Nf5 35. g4 hxg4 36. hxg4 Qb7 37. Qh2 Nh4 38. Re3 Nf3+ 39. Rxf3 Qxf3 40. g5 fxg5
41. Rf1 1-0

[Event "VIII-E-2-B-R10-J2"]
[Site "http://www.queenalice.com/game.php?id=1053026"]
[Date "2012.4.26"]
[Round "-"]
[White "rxk"]
[Black "ebelote"]
[Result "1/2-1/2"]
[WhiteElo "1818"]
[BlackElo "1577"]

1. e4 e5 2. Nf3 Nc6 3. Bc4 Nf6 4. Nc3 Bb4 5. O-O O-O 6. a3 Bxc3 7. bxc3 d6 8.
Re1 Bg4 9. d4 exd4 10. cxd4 Bxf3 11. gxf3 a6 12. c3 b5 13. Ba2 Ne7 14. Qd3 c5
15. Bb1 g6 16. Bh6 Re8 17. e5 dxe5 18. Rxe5 c4 19. Qd2 Nc6 20. Rxe8+ Qxe8 21.
Be4 Nxe4 22. fxe4 Qxe4 23. Re1 Qg4+ 24. Kf1 Qh3+ 25. Kg1 Qg4+ 1/2-1/2

[Event "Challenge"]
[Site "http://www.queenalice.com/game.php?id=1065457"]
[Date "2012.5.29"]
[Round "-"]
[White "rxk"]
[Black "plot24"]
[Result "1-0"]
[WhiteElo "1757"]
[BlackElo "1620"]

1. d4 d5 2. c4 e6 3. Nf3 Nf6 4. Nc3 c6 5. Bg5 Nbd7 6. e3 Be7 7. Bd3 Qb6 8. Qc2
O-O 9. Ne5 Nxe5 10. dxe5 dxc4 11. Bxc4 1-0

[Event "VIII-E-2-B-R4-J1"]
[Site "http://www.queenalice.com/game.php?id=1068672"]
[Date "2012.6.6"]
[Round "-"]
[White "rxk"]
[Black "ReiNato"]
[Result "0-1"]
[WhiteElo "1733"]
[BlackElo "1711"]

1. e4 e5 2. Nf3 Nc6 3. Bc4 Nge7 4. O-O Ng6 5. d3 Be7 6. Nc3 O-O 7. Be3 a6 8. a3
b5 9. Ba2 d6 10. Qd2 Be6 11. Rad1 Nd4 12. Nxd4 exd4 13. Bxd4 c5 14. Be3 Bxa2 15.
Nxa2 a5 16. f4 b4 17. axb4 axb4 18. Nc1 Ra1 19. Ne2 Rxd1 20. Qxd1 f5 21. Ng3 Qd7
22. exf5 Nh8 23. b3 g6 24. fxg6 Nxg6 25. f5 Ne5 26. Bh6 Rf6 27. Qd2 Rf7 0-1

[Event "VIII-E-2-B-R3-J1"]
[Site "http://www.queenalice.com/game.php?id=1076737"]
[Date "2012.6.26"]
[Round "-"]
[White "fflores"]
[Black "rxk"]
[Result "1-0"]
[WhiteElo "1288"]
[BlackElo "1716"]

1. e4 c5 2. Nf3 d6 3. Bc4 e6 4. O-O Nc6 5. d3 Be7 6. Nc3 Nf6 7. h3 O-O 8. d4
cxd4 9. Nxd4 Ne5 10. Bb3 a6 11. f4 Ng6 12. f5 exf5 13. Nxf5 Ne5 14. Nxe7+ Qxe7
15. Nd5 Qd8 16. Bg5 Ned7 17. Nxf6+ Nxf6 18. Qd4 1-0